| 000 | 00620nam a2200229Ia 4500 | ||
|---|---|---|---|
| 003 | 0100 | ||
| 008 | 130303s9999 xx 000 0 und d | ||
| 020 | _a0896801942 | ||
| 040 | _cARRUPELIB | ||
| 050 | _aBL2470.N5I37 1996 | ||
| 100 | _aIlesanmi, Simeon O. | ||
| 245 | _aReligious pluralism and the Nigerian state | ||
| 260 | _aOhio | ||
| 260 | _bOhio University Center for International Studies | ||
| 260 | _C1997 | ||
| 300 | _a299p. | ||
| 300 | _b 22cm | ||
| 440 | _aMonographs in International Studies. Africa Series no. 66 | ||
| 650 | _bSocial change | ||
| 650 | _cAttitude change | ||
| 942 |
_2lcc _02 |
||
| 999 |
_c60823 _d60823 |
||